Word Ladder: Mystery Movie Actor V Quiz Stats

 Plays Quiz Updated Sep 18, 2014

Challenge
Share
Tweet
Embed
Score 0/34 Timer 04:00
5 Plays Today
Clue 4-Letter Word % Correct
2000 movie: ''____ Congeniality'' MISS
96%
★ ''____ in 60 Seconds'' (2000) ★ GONE
93.7%
Meat from a pigPORK
93.6%
Untidy; disorderedMESS
92.7%
U.S. President Bill Clinton's Vice President Al ____GORE
92.4%
1965 movie: ''For a Few Dollars ____''MORE
91.5%
★ American actor Nicolas ____CAGE
91.1%
Castle piece in chessROOK
90.4%
Price of a taxi rideFARE
90%
Contraction for will notWONT
88%
★ ''____ of Death'' (1995) ★KISS
87.3%
Poetic word for morningMORN
87%
★ ''____ /Off'' (1997) ★FACE
85%
★ ''National Treasure 2: ____ of Secrets'' (2007) ★BOOK
84.2%
★ ''____-Ass'' (2010) ★KICK
84.1%
Sound qualityTONE
81.8%
Mark left on the body after a diseasePOCK
79.9%
Clue 4-Letter Word % Correct
★ ''____ to Kill'' (1989) ★TIME
79.9%
Heavy, large bookTOME
79.8%
Twist or curl in a wireKINK
79.4%
★ ''The ____'' (1996) ★ROCK
79%
Left; departedWENT
78.1%
★ ''Guarding ____'' (1994) ★TESS
78%
Clans; tribesKINS
77.2%
Club-like weapon with metal spikesMACE
76.8%
1962 movie: ''This Is Not a ____''TEST
75.6%
Magician (archaic word)MAGE
75.1%
★ ''Bad Lieutenant: ____ of Call New Orleans'' (2009) ★PORT
72.3%
Exhaust; reduce the strength ofTIRE
70.3%
★ ''Red Rock ____'' (1993) ★WEST
70.1%
★ ''____ Birds'' (1990) ★FIRE
69.6%
The ground malt liquid for beer makingWORT
69.1%
★ ''Racing with the ____'' (1984) ★MOON
67.6%
Something to be thankful forBOON
65.1%

Today's Daily Dose

You're not logged in!

Compare scores with friends on all Sporcle quizzes.
Join for Free
OR
Log In

You Might Also Like...

Show Comments

Extras

Top Quizzes Today


Score Distribution

Your Account Isn't Verified!

In order to create a playlist on Sporcle, you need to verify the email address you used during registration. Go to your Sporcle Settings to finish the process.

Report this User

Report this user for behavior that violates our Community Guidelines.

Details: